000 00607nam a2200205 i 4500
001 50523
003 ES-MaACL
005 20260301150926.0
007 t|
008 030805s1973 sp ||||1| spa d
245 0 4 _aLas cuarenta /
_cselección y acordes de guitarra por el Equipo Telstar 33.
260 _aBarcelona :
_bHogar del Libro,
_c[1973]
300 _a90 p. :
_bil. ;
_c12 cm.
490 1 _aColección "Al viento"
710 2 _aEquipo Telstar 33.
_93500
740 4 _aLas 40.
830 0 _aColección Al viento
_9230134
852 _aES-MaACL
_jC-54497
_bR.87485
999 _c50523
_d50523